<?xml version="1.0" encoding="UTF-8"?>
<record
    xmlns:xsi="http://www.w3.org/2001/XMLSchema-instance"
    xsi:schemaLocation="http://www.loc.gov/MARC21/slim http://www.loc.gov/standards/marcxml/schema/MARC21slim.xsd"
    xmlns="http://www.loc.gov/MARC21/slim">

  <leader>00743nam a22002537a 4500</leader>
  <controlfield tag="005">20170123162344.0</controlfield>
  <datafield tag="010" ind1=" " ind2=" ">
    <subfield code="a">A-842619</subfield>
  </datafield>
  <datafield tag="020" ind1=" " ind2=" ">
    <subfield code="c">00.00</subfield>
  </datafield>
  <datafield tag="035" ind1=" " ind2=" ">
    <subfield code="a">A-842619</subfield>
  </datafield>
  <datafield tag="037" ind1=" " ind2=" ">
    <subfield code="b">Cen Lib/Ret</subfield>
  </datafield>
  <datafield tag="040" ind1=" " ind2=" ">
    <subfield code="a">DPL</subfield>
    <subfield code="b">UR</subfield>
  </datafield>
  <datafield tag="082" ind1=" " ind2=" ">
    <subfield code="a">239.1</subfield>
    <subfield code="b">&#x686; &#x631; &#x646; </subfield>
  </datafield>
  <datafield tag="100" ind1=" " ind2=" ">
    <subfield code="a">&#x686;&#x631;&#x646; &#x633;&#x646;&#x6AF;&#x6BE; </subfield>
    <subfield code="9">129841</subfield>
  </datafield>
  <datafield tag="245" ind1=" " ind2=" ">
    <subfield code="a">&#x67E;&#x627;&#x631;&#x633; &#x633;&#x6D2; &#x67E;&#x627;&#x631;&#x633; /</subfield>
    <subfield code="c">&#x686;&#x631;&#x646; &#x633;&#x646;&#x6AF;&#x6BE; </subfield>
  </datafield>
  <datafield tag="246" ind1=" " ind2=" ">
    <subfield code="a">Paris se paris /</subfield>
    <subfield code="b">by Charan Singh </subfield>
  </datafield>
  <datafield tag="260" ind1=" " ind2=" ">
    <subfield code="a">&#x67E;&#x646;&#x62C;&#x627;&#x628; </subfield>
    <subfield code="b">&#x631;&#x627;&#x62F;&#x6BE;&#x627; &#x633;&#x648;&#x627;&#x645;&#x6CC; &#x633;&#x62A; &#x633;&#x646;&#x6AF;&#x6BE; </subfield>
    <subfield code="c">1988</subfield>
  </datafield>
  <datafield tag="270" ind1=" " ind2=" ">
    <subfield code="b">&#x67E;&#x646;&#x62C;&#x627;&#x628; </subfield>
  </datafield>
  <datafield tag="300" ind1=" " ind2=" ">
    <subfield code="a">260p.</subfield>
    <subfield code="c">21cm(Hb)</subfield>
  </datafield>
  <datafield tag="650" ind1=" " ind2=" ">
    <subfield code="a"> &#x645;&#x630;&#x6C1;&#x628; - &#x6C1;&#x646;&#x62F;&#x648;&#x645;&#x62A;</subfield>
    <subfield code="9">129842</subfield>
  </datafield>
  <datafield tag="650" ind1=" " ind2=" ">
    <subfield code="a"> &#x633;&#x6CC;&#x646;&#x679;</subfield>
    <subfield code="9">536</subfield>
  </datafield>
  <datafield tag="650" ind1=" " ind2=" ">
    <subfield code="a">Religion -- Hinduism</subfield>
    <subfield code="9">129843</subfield>
  </datafield>
  <datafield tag="650" ind1=" " ind2=" ">
    <subfield code="a">Saint</subfield>
    <subfield code="9">85528</subfield>
  </datafield>
  <datafield tag="942" ind1=" " ind2=" ">
    <subfield code="2">ddc</subfield>
    <subfield code="c">UR</subfield>
    <subfield code="h">239.1</subfield>
    <subfield code="m">&#x686; &#x631; &#x646; </subfield>
  </datafield>
  <datafield tag="999" ind1=" " ind2=" ">
    <subfield code="c">108751</subfield>
    <subfield code="d">108751</subfield>
  </datafield>
  <datafield tag="952" ind1=" " ind2=" ">
    <subfield code="0">0</subfield>
    <subfield code="1">0</subfield>
    <subfield code="4">0</subfield>
    <subfield code="7">0</subfield>
    <subfield code="a">L</subfield>
    <subfield code="b">L</subfield>
    <subfield code="d">2016-02-03</subfield>
    <subfield code="e">Cen Lib/Ret</subfield>
    <subfield code="g">0.00</subfield>
    <subfield code="l">0</subfield>
    <subfield code="o">239.1 &#x686; &#x631; &#x646;</subfield>
    <subfield code="p">A-842619</subfield>
    <subfield code="r">2016-02-03 00:00:00</subfield>
    <subfield code="t">1</subfield>
    <subfield code="v">0.00</subfield>
    <subfield code="w">2016-02-03</subfield>
    <subfield code="y">UR</subfield>
  </datafield>
</record>
